Law of Tort: with Law of Statutory Compensation and Consumer Protection (Record no. 9523)

MARC details
000 -LEADER
fixed length control field 00459nam a22001817a 4500
005 - DATE AND TIME OF LATEST TRANSACTION
control field 20250824172800.0
008 - FIXED-LENGTH DATA ELEMENTS--GENERAL INFORMATION
fixed length control field 250824b |||||||| |||| 00| 0 eng d
020 ## - INTERNATIONAL STANDARD BOOK NUMBER
International Standard Book Number 9789390715183
041 ## - LANGUAGE CODE
Language English
082 ## - DEWEY DECIMAL CLASSIFICATION NUMBER
Classification number 346.03 PIL
100 ## - MAIN ENTRY--PERSONAL NAME
Main Author Name Pillai, P S A
245 ## - TITLE STATEMENT
Title Law of Tort: with Law of Statutory Compensation and Consumer Protection
250 ## - EDITION STATEMENT
Edition 9th
260 ## - PUBLICATION, DISTRIBUTION, ETC.
Place of publication Lucknow
publisher Name EBC
Date of publication 2024
300 ## - PHYSICAL DESCRIPTION
Number Of Page 703p.
650 ## - SUBJECT ADDED ENTRY--TOPICAL TERM
Keyword Tort
Subject Tort
942 ## - ADDED ENTRY ELEMENTS (KOHA)
Koha item type Text Books
Holdings
Lost status Source of classification or shelving scheme Not for loan Home library Current library Date last seen Koha item type School Inventory number Total Checkouts Full call number Barcode Copy number Uniform Resource Identifier Price effective from Withdrawn status Date acquired Source of acquisition Cost, normal purchase price Bill Date Bill No Net Amount Date last checked out
  Dewey Decimal Classification   BSOL BSOL 24/08/2025 Text Books School of Law 1   346.03 PIL BSOL4146 1 https://www.ebcwebstore.com/product/psa-pillai-law-of-tort-revised-by-avtar-singh-by-ebc?products_id=794     24/08/2025 SC Sarkar 675.00 20/08/2025 316/2025-26 675  
  Dewey Decimal Classification   BSOL BSOL 27/10/2025 Text Books School of Law 1 1 346.03 PIL BSOL4147 2 https://www.ebcwebstore.com/product/psa-pillai-law-of-tort-revised-by-avtar-singh-by-ebc?products_id=794     24/08/2025 SC Sarkar 675.00 20/08/2025 316/2025-26 675 01/09/2025
  Dewey Decimal Classification   BSOL BSOL 24/08/2025 Text Books School of Law 1   346.03 PIL BSOL4148 3 https://www.ebcwebstore.com/product/psa-pillai-law-of-tort-revised-by-avtar-singh-by-ebc?products_id=794     24/08/2025 SC Sarkar 675.00 20/08/2025 316/2025-26 675  

Maintained and Designed by
2cqr automation private limited, Chennai. All Rights Reserved.

You are Visitor Number

PHP Hits Count